header

Empire of language (Record no. 38790)

MARC details
000 -LEADER
fixed length control field 01643nam a2200397Ia 4500
082 04 - DEWEY DECIMAL CLASSIFICATION NUMBER
Classification number 840.9/358
100 1# - MAIN ENTRY--AUTHOR NAME
Personal name Dubreuil, Laurent.
245 10 - TITLE STATEMENT
Title Empire of language
260 ## - PUBLICATION, DISTRIBUTION, ETC. (IMPRINT)
Place of publication Ithaca ;
-- London :
Name of publisher Cornell University Press,
Year of publication 2013.
300 ## - PHYSICAL DESCRIPTION
Number of Pages 239 p.
650 #0 - SUBJECT ADDED ENTRY--TOPICAL TERM
Topical Term French literature
Topical Term French language
Topical Term Postcolonialism.
700 1# - ADDED ENTRY--PERSONAL NAME
Personal name Fieni, David.
Personal name Dubreuil, Laurent.
856 40 - ELECTRONIC LOCATION AND ACCESS
Uniform Resource Identifier http://site.ebrary.com/lib/rucke/Doc?id=10720546
-- Translation of:

No items available.

© 2026 Rongo University
Contact us: librarian | system librarian | Rongo university